000 00846nam a2200181Ia 4500
008 090123s9999 xx 000 0 und d
082 _b20913
100 _aभट विठ्ठलराय
245 _aसामाजिक क्रांतीचा अग्रदुत डॉ. बाबासाहेब आंबेडकर
250 _a1
260 _bअनुराधा प्रकाशन
_c1992
300 _a115
600 _aभट विठ्ठलराय
630 _aसामाजिक क्रांतीचा अग्रदुत डॉ. बाबासाहेब आंबेडकर
700 _aभट विठ्ठलराय
730 _aसामाजिक क्रांतीचा अग्रदुत डॉ. बाबासाहेब आंबेडकर
942 _cBOOK
999 _c58985
_d58985